• 首页
  • 本馆介绍
  • 公告通知
  • 最新文献
  • 馆藏检索
  • 电子资源
  • 读者导购
  • 参考咨询
  • 我的图书馆
  • 登录
  • 详细信息显示
  • 放入我的书架
  • 预约/预借图书
  • 作者相关作品
  • 分类相关作品
  • 丛书相关作品
  • 出版社相关作品

书目信息

  • 表格格式
  • 工作单格式
  • 卡片格式
题名:
中文版AutoCAD 2016室内装潢设计案例教程
    
 
作者: 徐海峰 , 胡洁 , 刘重桂 主编
分册:  
出版信息: 镇江   江苏大学出版社  2018
页数: 286页
开本: 26cm
丛书名:
单 册:
中图分类: TU238.2-39
科图分类:
主题词: 室内装饰设计--Shi Nei Zhuang Shi She Ji--计算机辅助设计--AutoCAD软件--教材
电子资源:
ISBN: 978-7-5684-0553-9
000 01317nam 2200301 45
001 012001002971
005 20140126111955.0
010    @a978-7-5684-0553-9@dCNY49.80
092    @aCN@bbwz1738kj-00575
099    @aCAL 012018006297
100    @a20180110d2017 em y0chiy50 ea
101 0  @achi
102    @aCN@b320000
105    @aak a 000yy
106    @ar
200 1  @a中文版AutoCAD 2016室内装潢设计案例教程@AZhong Wen Ban Autocad 2016 Shi Nei Zhuang Huang She Ji An Li Jiao Cheng@f主编徐海峰, 胡洁, 刘重桂
210    @a镇江@c江苏大学出版社@d2018
215    @a286页@c图@d26cm
300    @a室内设计精品图书
320    @a有书目 (第286页)
330    @a本书通过多个家装和公装工程案例, 系统、详细地讲解了使用AutoCAD 2016绘制室内装潢施工图的各种方法和技巧。全书共9章, 内容涵盖AutoCAD 2016基础入门, 常用绘图和编辑命令, 室内设计制图基础知识, 绘制住宅室内装潢平面图、顶棚图、立面图和构造详图, 绘制办公空间室内平面图、顶棚图和立面图, 绘制宾馆大堂室内装潢施工图, 以及绘制某餐厅室内装潢施工图等。
606 0  @a室内装饰设计@AShi Nei Zhuang Shi She Ji@x计算机辅助设计@xAutoCAD软件@j教材
690    @aTU238.2-39@v5
701  0 @a徐海峰@AXu Hai Feng@4主编
701  0 @a胡洁@AHu Jie@4主编
701  0 @a刘重桂@ALiu Chong Gui@4主编
801  2 @aCN@b北京卓展@c20191020
905    @b1204937-40@dTU238.2-39@e1603@f4
    
    中文版AutoCAD 2016室内装潢设计案例教程/主编徐海峰, 胡洁, 刘重桂.-镇江:江苏大学出版社,2018
    286页:图;26cm
    室内设计精品图书
    
    ISBN 978-7-5684-0553-9:CNY49.80
    本书通过多个家装和公装工程案例, 系统、详细地讲解了使用AutoCAD 2016绘制室内装潢施工图的各种方法和技巧。全书共9章, 内容涵盖AutoCAD 2016基础入门, 常用绘图和编辑命令, 室内设计制图基础知识, 绘制住宅室内装潢平面图、顶棚图、立面图和构造详图, 绘制办公空间室内平面图、顶棚图和立面图, 绘制宾馆大堂室内装潢施工图, 以及绘制某餐厅室内装潢施工图等。
●
相关链接 在E读中查询图书 在五车中查询图书 在当当中查询图书 在豆瓣中查询图书


正题名:中文版AutoCAD 2016室内装潢设计案例教程     索取号:TU238.2-39/1603         预约/预借

序号 登录号 条形码 馆藏地/架位号 状态 备注
1 1204937   212049371   第二样本阅览室/ [索取号:TU238.2-39/1603] 在馆    
2 1204938   212049380   第三借阅区/ [索取号:TU238.2-39/1603] 在馆    
3 1204939   212049399   第三借阅区/ [索取号:TU238.2-39/1603] 在馆    
4 1204940   212049406   第三借阅区/ [索取号:TU238.2-39/1603] 在馆    
唐山师范学院图书馆 欢迎您!
大连网信软件有限公司© 版权所有